De l’emprise de l’inconscient dans les organisations (notice n° 1589383)

détails MARC
000 -LEADER
fixed length control field 02035cam a2200241 4500500
005 - DATE AND TIME OF LATEST TRANSACTION
control field 20251228064140.0
041 ## - LANGUAGE CODE
Language code of text/sound track or separate title fre
042 ## - AUTHENTICATION CODE
Authentication code dc
100 10 - MAIN ENTRY--PERSONAL NAME
Personal name Saliba-Chalhoub, Nicole
Relator term author
245 00 - TITLE STATEMENT
Title De l’emprise de l’inconscient dans les organisations
260 ## - PUBLICATION, DISTRIBUTION, ETC.
Date of publication, distribution, etc. 2025.<br/>
500 ## - GENERAL NOTE
General note 48
520 ## - SUMMARY, ETC.
Summary, etc. Through this article, the authors propose to mobilize an original grid in order to understand the complexity in organizations: the psychoanalytic approach. This choice is not neutral. Indeed, while the reading grids mobilized in general are part of a paradigmatic logic based on consciousness, the aim here is to put forward a grid of reading allowing us to take into consideration the unconscious. The objective is not to position oneself in a dichotomous posture, conscious vs. unconscious, but rather to show the possible simultaneous and dialogical grasp of these two aspects, which allows approaching human complexity.
520 ## - SUMMARY, ETC.
Summary, etc. À travers cet article, les auteurs se proposent de mobiliser une grille de lecture originale pour aborder la complexité dans les organisations : l’approche psychanalytique. Ce choix n’est pas neutre. En effet, alors qu’habituellement, les grilles de lecture mobilisées s’inscrivent dans une logique paradigmatique fondée sur la conscience, il s’agit ici de mettre en avant une grille de lecture permettant de prendre en considération l’inconscient. L’objectif n’est pas de se positionner de façon dichotomique, conscient vs inconscient, mais bien de montrer la possible saisie simultanée et dialogique de ces deux aspects, laquelle permet d’aborder la complexité humaine.
690 ## - LOCAL SUBJECT ADDED ENTRY--TOPICAL TERM (OCLC, RLIN)
Topical term or geographic name as entry element consciousness
690 ## - LOCAL SUBJECT ADDED ENTRY--TOPICAL TERM (OCLC, RLIN)
Topical term or geographic name as entry element entrepreneur
690 ## - LOCAL SUBJECT ADDED ENTRY--TOPICAL TERM (OCLC, RLIN)
Topical term or geographic name as entry element leader
690 ## - LOCAL SUBJECT ADDED ENTRY--TOPICAL TERM (OCLC, RLIN)
Topical term or geographic name as entry element organization
690 ## - LOCAL SUBJECT ADDED ENTRY--TOPICAL TERM (OCLC, RLIN)
Topical term or geographic name as entry element unconscious
700 10 - ADDED ENTRY--PERSONAL NAME
Personal name Schmitt, Christophe
Relator term author
786 0# - DATA SOURCE ENTRY
Note Projectics / Proyéctica / Projectique | 40 | 1 | 2025-05-13 | p. 73-86 | 2031-9703
856 41 - ELECTRONIC LOCATION AND ACCESS
Uniform Resource Identifier <a href="https://shs.cairn.info/revue-projectique-2025-1-page-73?lang=fr&redirect-ssocas=7080">https://shs.cairn.info/revue-projectique-2025-1-page-73?lang=fr&redirect-ssocas=7080</a>

Pas d'exemplaire disponible.

PLUDOC

PLUDOC est la plateforme unique et centralisée de gestion des bibliothèques physiques et numériques de Guinée administré par le CEDUST. Elle est la plus grande base de données de ressources documentaires pour les Étudiants, Enseignants chercheurs et Chercheurs de Guinée.

Adresse

627 919 101/664 919 101

25 boulevard du commerce
Kaloum, Conakry, Guinée

Réseaux sociaux

Powered by Netsen Group @ 2025